000 00794nam a22002537a 4500
001 BR9501810
003 BR-BrBNA
005 20230928094615.0
007 ta
008 230509b bl.||||| |||| 00| 0 por d
040 _aBR-BrBNA
_bpor
_cBiblioteca Nacional de Agricultura
041 _a(Por)
072 _aD50; E50
090 _ D50 BR9501810
110 1 _aConfederacao Nacional dos Trabalhadores da Agricultura, Brasilia, DF (Brasil)
_92540
111 1 _a4. Congresso Nacional dos Trabalhadores Rurais
_cBrasilia, DF (Brazil)
_d25-30 May 1955
245 1 _a4. Congresso Nacional dos Trabalhadores Rurais
260 3 _aBrasilia, DF (Brasil):
_c1985.
300 _a97 p.
650 _aTrabalhador Rural
650 _aLegislacao
909 _a202309
_bLucia
_c55
_dLucia Elande
942 _cBK
999 _c51623
_d51623